[Event "Subang Jaya op 12th"]
[Site "Subang Jaya"]
[Date "2024.01.28"]
[Round "8"]
[White "Wang, Xin Yu Aimee"]
[Black "Koong, Chun Hong"]
[Result "0-1"]
[WhiteElo "1210"]
[BlackElo "1433"]
[PlyCount "164"]
[EventDate "2024.01.27"]
[EventType "swiss"]
[EventRounds "8"]
[EventCountry "MAS"]
[SourceTitle "CB06_2024"]
[SourceDate "2024.02.07"]
[SourceVersion "1"]
[SourceVersionDate "2024.02.07"]
[SourceQuality "1"]

1. d4 Nf6 2. c4 e6 3. Nc3 Bb4 4. e3 0-0 5. Bd3 Re8 6. Nge2 b6 7. a3 Bf8 8. 0-0 Bb7 9. e4 d5 10. e5 dxc4 11. Bxc4 Ne4 12. Qc2 Nxc3 13. Qxc3 Nd7 14. Rd1 Nxe5 15. Bb3 Ng6 16. Nf4 Rc8 17. Nxg6 hxg6 18. Be3 Bd6 19. Qd3 Qf6 20. Ba4 Rf8 21. Rac1 c5 22. dxc5 Bxc5 23. Bxc5 Qg5 24. Qg3 Rxc5 25. Qxg5 Rxg5 26. f3 Bxf3 27. Rd2 Bd5 28. Rc7 a6 29. Bc6 Rd8 30. Ra7 Rc8 31. Bxd5 Rc1+ 32. Kf2 Rxd5 33. Re2 a5 34. Ra8+ Kh7 35. Rb8 b5 36. Rb7 Rf5+ 37. Kg3 g5 38. h3 Kg6 39. Kh2 Rcc5 40. Ra7 a4 41. Re7 Rf4 42. Rd7 Rfc4 43. Rdd2 Rf5 44. Rd7 Rd5 45. Rb7 e5 46. Rb6+ f6 47. Re6 Kf7 48. Rb6 Rc7 49. Kg3 Rd3+ 50. Kf2 Rb3 51. Rd6 Re7 52. Rdd2 f5 53. Rd5 Kf6 54. Rd6+ Re6 55. Rdd2 e4 56. Rd4 Ke5 57. Rd7 g6 58. g3 Rd6 59. Rxd6 Kxd6 60. Kg2 Kd5 61. Kf2 f4 62. gxf4 gxf4 63. h4 Rf3+ 64. Kg2 Rxa3 65. bxa3 f3+ 66. Kf2 fxe2 67. Kxe2 Kd4 68. Kd2 Kc4 69. Ke3 b4 70. axb4 a3 71. Kxe4 a2 72. Kf4 a1Q 73. Kg5 Qg1+ 74. Kh6 Qg4 75. b5 Qh5+ 76. Kg7 Kxb5 77. Kf6 Kc5 78. Kg7 Kd5 79. Kf6 Qh6 80. Kf7 Ke5 81. Kg8 Kf6 82. h5 Qg7# 0-1

[Event "Subang Jaya op 12th"]
[Site "Subang Jaya"]
[Date "2024.01.27"]
[Round "1"]
[White "Koong, Chun Hong"]
[Black "Lim, Zhi Yi"]
[Result "1-0"]
[WhiteElo "1433"]
[BlackElo "1029"]
[PlyCount "45"]
[EventDate "2024.01.27"]
[EventType "swiss"]
[EventRounds "8"]
[EventCountry "MAS"]
[SourceTitle "CB06_2024"]
[SourceDate "2024.02.07"]
[SourceVersion "1"]
[SourceVersionDate "2024.02.07"]
[SourceQuality "1"]

1. Nf3 Nc6 2. d4 d5 3. c4 Nf6 4. Nc3 e6 5. Bg5 Be7 6. e3 h6 7. Bf4 0-0 8. Be2 Bd6 9. Bg3 Ne7 10. c5 Bxg3 11. hxg3 Ng6 12. Nh4 Nh8 13. Nf3 b6 14. b4 a5 15. b5 bxc5 16. dxc5 c6 17. bxc6 Qc7 18. Bb5 Ba6 19. a4 Rfd8 20. Qd4 Ng6 21. Ne2 Ne7 22. Qb2 Rdb8 23. Ne5 1-0

[Event "Subang Jaya op 12th"]
[Site "Subang Jaya"]
[Date "2024.01.27"]
[Round "4"]
[White "Leong, Kai Shenn"]
[Black "Koong, Chun Hong"]
[Result "1/2-1/2"]
[WhiteElo "1231"]
[BlackElo "1433"]
[PlyCount "90"]
[EventDate "2024.01.27"]
[EventType "swiss"]
[EventRounds "8"]
[EventCountry "MAS"]
[SourceTitle "CB06_2024"]
[SourceDate "2024.02.07"]
[SourceVersion "1"]
[SourceVersionDate "2024.02.07"]
[SourceQuality "1"]

1. d4 Nf6 2. c4 e6 3. g3 d5 4. Bg2 dxc4 5. Qa4+ Bd7 6. Qxc4 Bc6 7. Nf3 Be7 8. 0-0 0-0 9. Nc3 Nbd7 10. b3 Ne4 11. Bb2 Nxc3 12. Qxc3 Bf6 13. Rfd1 Nb6 14. Qc2 Qe7 15. e4 g6 16. a4 Rfd8 17. a5 Nc8 18. a6 Nb6 19. Rac1 Rac8 20. Ba1 Bg7 21. Re1 Qa3 22. Bc3 Qf8 23. Bb2 f5 24. Ng5 Qf6 25. Nxe6 Qxe6 26. d5 Qf7 27. dxc6 bxa6 28. Bxg7 Kxg7 29. exf5 gxf5 30. Qc5 Rd6 31. Bh3 Rf8 32. Qe5+ Kg8 33. Qe7 Nd5 34. Qxf7+ Rxf7 35. Red1 Nc3 36. Rxd6 Ne2+ 37. Kf1 Nxc1 38. Rd8+ Kg7 39. b4 Na2 40. Rd4 Nc3 41. Rd7 Kf8 42. Rd8+ Ke7 43. Rd7+ Ke8 44. Rxf7 Kxf7 45. Bxf5 Nd5 1/2-1/2